000
00270nam a2200109Ia 4500
008
190216s9999||||xx |||||||||||||| ||und||
100
_a
Gopalakrishnan C
245
0
_a
Mahacharihamala
260
_b
Kairali Childrens Book Trust
650
_a
Jeeva Charithram
942
_c
BK
999
_c
25578
_d
25578